Judiciary watch report : (Record no. 4054)

MARC details
000 -LEADER
fixed length control field 00864cam a22002412 4500
001 - CONTROL NUMBER
control field 0000020012
005 - DATE AND TIME OF LATEST TRANSACTION
control field 20151217145922.0
008 - FIXED-LENGTH DATA ELEMENTS--GENERAL INFORMATION
fixed length control field 110525s xx 000 0 eng d
020 ## - INTERNATIONAL STANDARD BOOK NUMBER
International Standard Book Number 9966958304 [vol. vii] :
020 ## - INTERNATIONAL STANDARD BOOK NUMBER
International Standard Book Number 9966958355 vol.[ix]
040 ## - CATALOGING SOURCE
Original cataloging agency KABU
Transcribing agency KABU
245 10 - TITLE STATEMENT
Title Judiciary watch report :
Remainder of title Reading on the rule of law in africa /
Statement of responsibility, etc. J Osogo Ambani (editor)
250 ## - EDITION STATEMENT
Edition statement 1st ed.
260 ## - PUBLICATION, DISTRIBUTION, ETC. (IMPRINT)
Place of publication, distribution, etc. Nairobi, Kenya :
Name of publisher, distributor, etc. Kenyan section of the international commission of jurists.
300 ## - PHYSICAL DESCRIPTION
Extent Vol. vii and ix.
650 #0 - SUBJECT ADDED ENTRY--TOPICAL TERM
Topical term or geographic name as entry element Rule of law
Geographic subdivision Africa.
-- 0000180047
650 #0 - SUBJECT ADDED ENTRY--TOPICAL TERM
Topical term or geographic name as entry element Judiciary power
Geographic subdivision Africa.
-- 0000180048
650 #0 - SUBJECT ADDED ENTRY--TOPICAL TERM
Topical term or geographic name as entry element Judicial independence
Geographic subdivision Africa.
-- 0000180029
710 2# - ADDED ENTRY--CORPORATE NAME
Corporate name or jurisdiction name as entry element International commission of jurists.
Subordinate unit Kenya section.
-- 0000180032
908 ## - PUT COMMAND PARAMETER (RLIN)
Put command parameter 110525
950 ## - LOCAL HOLDINGS (RLIN)
-- 1
Holdings
Withdrawn status Lost status Source of classification or shelving scheme Not for loan Home library Current library Date acquired Total Checkouts Total Renewals Full call number Barcode Date last seen Date last checked out Price effective from Koha item type
    Library of Congress Classification   Kabarak, Main Campus Kabarak, Main Campus 17/12/2015 11 2 KQC524 .J83 2008 V.ix c.1 21888 25/03/2024 28/02/2024 17/12/2015 General Collection
    Library of Congress Classification   Kabarak, Main Campus Kabarak, Main Campus 17/12/2015     KQC524 .J83 2008 V.vii c.1 21847 17/12/2015   17/12/2015 Africana Collection
Designed with assistance from East African Informatics Ltd